=LDR 00000nam 2200000 4500 =001 INLIS000000000031274 =005 20130612133344 =008 ***********************************ind** =035 ##$$0010-061300000031274 =041 ##$$a ind =082 ##$$a 612. 3 =090 ##$$a 612. 3 , Alm p =100 ##$$a Almatsier,Sunita =245 ##$$a Prinsip dasar ilmu gizi, Sunita Almatsier =260 ##$$a 2009 $b Jakarta =300 ##$$a 340 hlm. , 24 cm =650 ##$$a GIZI =850 ##$$a NBPNMAT =990 ##$$a 90389/BPAP-NTB/2014 =990 ##$$a 92932/BPAP-NTB/2014 =990 ##$$a 92933/BPAP-NTB/2014 =990 ##$$a 0001/BPAP-NTB/2015 =990 ##$$a 0001/BPAP-NTB/2015 =990 ##$$a 0001/BPAP-NTB/2016 =990 ##$$a 0001/BPAP-NTB/2016 =990 ##$$a 90389/BPAP-NTB/2014 =990 ##$$a 92932/BPAP-NTB/2014 =990 ##$$a 92933/BPAP-NTB/2014 =990 ##$$a 0001/BPAP-NTB/2015 =990 ##$$a 0001/BPAP-NTB/2015 =990 ##$$a 92933/BPAP-NTB/2014 =990 ##$$a 90389/BPAP-NTB/2014 =990 ##$$a 92932/BPAP-NTB/2014 =990 ##$$a 0001/BPAP-NTB/2015 =990 ##$$a 0001/BPAP-NTB/2015 =990 ##$$a 0001/BPAP-NTB/2016